[Event "NZL-ch Seniors"]
[Site "Hamilton"]
[Date "2009.05.10"]
[Round "5"]
[White "Courtney, Helen"]
[Black "Dare, Lillian"]
[Result "1-0"]
[WhiteElo "1393"]
[BlackElo "1127"]
[PlyCount "123"]
[EventDate "2009.05.08"]
[EventType "swiss"]
[EventRounds "5"]
[EventCountry "NZL"]
[SourceTitle "EXT 2018"]
[Source "ChessBase"]
[SourceDate "2017.10.13"]
[SourceVersion "1"]
[SourceVersionDate "2017.10.13"]
[SourceQuality "1"]

1. e4 e6 2. d4 d5 3. e5 c5 4. Nf3 h6 5. Be2 b6 6. 0-0 Ba6 7. Be3 Bxe2 8. Qxe2 Ne7 9. dxc5 Nf5 10. cxb6 axb6 11. Qb5+ Qd7 12. Nc3 Nxe3 13. Qxd7+ Nxd7 14. fxe3 Bc5 15. Kf2 Nxe5 16. Nxe5 d4 17. Ke2 dxc3 18. bxc3 0-0 19. h3 Ra3 20. Nd7 Rc8 21. Nxc5 Rxc5 22. Kd2 Rcxc3 23. e4 Re3 24. Rab1 Rxe4 25. Rxb6 Rxa2 26. Rb8+ Kh7 27. Rxf7 Rd4+ 28. Kc3 Rd5 29. Rbb7 Rg5 30. Kb3 Raa5 31. g4 Rac5 32. c4 Rce5 33. Rf3 Re1 34. Kc3 Rc1+ 35. Kd3 Rd1+ 36. Kc2 Rd6 37. Rc7 h5 38. gxh5 Rxh5 39. Rg3 Kh8 40. Rcxg7 Rd8 41. Kc3 Rc8 42. R7g6 e5 43. R6g5 Rxg5 44. Rxg5 e4 45. Re5 Ra8 46. Rxe4 Ra3+ 47. Kb4 Rxh3 48. c5 Rh1 49. Kb5 Rh7 50. Re8+ Kg7 51. Re7+ Kg8 52. Rxh7 Kxh7 53. c6 Kg6 54. c7 Kf5 55. c8Q+ Ke5 56. Kc5 Kf4 57. Qe6 Kf3 58. Kd4 Kg3 59. Qf5 Kg2 60. Ke3 Kg1 61. Kf3 Kh2 62. Kf2 1-0

[Event "NZL-ch Seniors"]
[Site "Hamilton"]
[Date "2009.05.10"]
[Round "4"]
[White "Dare, Lillian"]
[Black "Otene, Edith"]
[Result "0-1"]
[WhiteElo "1127"]
[BlackElo "1399"]
[PlyCount "114"]
[EventDate "2009.05.08"]
[EventType "swiss"]
[EventRounds "5"]
[EventCountry "NZL"]
[SourceTitle "EXT 2018"]
[Source "ChessBase"]
[SourceDate "2017.10.13"]
[SourceVersion "1"]
[SourceVersionDate "2017.10.13"]
[SourceQuality "1"]

1. Nf3 g6 2. d4 d6 3. e3 Bg7 4. Be2 Nf6 5. 0-0 0-0 6. c3 Ne4 7. Nbd2 Nxd2 8. Qxd2 b6 9. d5 Nd7 10. Qc2 Bb7 11. c4 c6 12. e4 a6 13. Rb1 cxd5 14. exd5 Rc8 15. b3 Bxd5 16. Bb2 Nf6 17. Bxf6 Bxf6 18. Qd1 Be4 19. Bd3 Bxf3 20. Qxf3 a5 21. Rfd1 Rc5 22. b4 axb4 23. Rxb4 Qc7 24. Rdb1 Rb8 25. g3 Ra5 26. a4 Bd4 27. Be4 e6 28. Qd3 Bc5 29. Rb5 Rxa4 30. h4 Rxc4 31. h5 f5 32. Bf3 Rc3 33. Qe2 Qf7 34. hxg6 hxg6 35. Qd2 Rxf3 36. Rxc5 dxc5 37. Qd6 Re8 38. Rxb6 Qe7 39. Qc6 Rc3 40. Rb7 Qf8 41. Qd7 Re7 42. Qxe7 Qxe7 43. Rxe7 Rc1+ 44. Kg2 Re1 45. Rc7 Re5 46. f4 Rd5 47. Rc6 Kf7 48. Kh3 Kf6 49. g4 fxg4+ 50. Kxg4 Ke7 51. Rc7+ Kf6 52. Rc6 Ke7 53. Rc7+ Kd6 54. Rg7 c4 55. Rxg6 c3 56. Kf3 c2 57. Rg1 Rd1 0-1

[Event "NZL-ch Seniors"]
[Site "Hamilton"]
[Date "2009.05.09"]
[Round "2"]
[White "Cooper, Nigel"]
[Black "Dare, Lillian"]
[Result "1-0"]
[WhiteElo "1702"]
[BlackElo "1127"]
[PlyCount "91"]
[EventDate "2009.05.08"]
[EventType "swiss"]
[EventRounds "5"]
[EventCountry "NZL"]
[SourceTitle "EXT 2018"]
[Source "ChessBase"]
[SourceDate "2017.10.13"]
[SourceVersion "1"]
[SourceVersionDate "2017.10.13"]
[SourceQuality "1"]

1. f4 d5 2. g3 Nf6 3. Bg2 e6 4. Nf3 Be7 5. 0-0 0-0 6. Ne5 Nbd7 7. d4 c6 8. Nd2 Qc7 9. e4 c5 10. c3 b6 11. exd5 exd5 12. Ndf3 h6 13. Be3 Bb7 14. Kh1 Ne4 15. Nxd7 Qxd7 16. Ne5 Qd8 17. Qb3 Qd6 18. Bxe4 dxe4 19. dxc5 bxc5 20. Qxb7 Rfb8 21. Qxe4 Rc8 22. Rfd1 Qa6 23. Qd5 Rf8 24. Nc6 Bf6 25. Bxc5 Rfe8 26. Re1 h5 27. Ne7+ Bxe7 28. Rxe7 Qf6 29. Rae1 Rad8 30. Rxe8+ Rxe8 31. Rxe8+ Kh7 32. Qxh5+ Qh6 33. Qxh6+ Kxh6 34. Re7 f6 35. Bxa7 g6 36. Be3 Kh5 37. Rh7+ Kg4 38. Kg2 g5 39. fxg5 fxg5 40. Rg7 Kf5 41. Rxg5+ Ke4 42. Bd4 Kd3 43. Kf3 Kc2 44. Ke2 Kxb2 45. Kd2 Ka1 46. Kc2 1-0

[Event "NZL-ch Seniors"]
[Site "Hamilton"]
[Date "2009.05.09"]
[Round "3"]
[White "Dare, Lillian"]
[Black "Taylor, Richard"]
[Result "0-1"]
[WhiteElo "1127"]
[BlackElo "1784"]
[PlyCount "92"]
[EventDate "2009.05.08"]
[EventType "swiss"]
[EventRounds "5"]
[EventCountry "NZL"]
[SourceTitle "EXT 2018"]
[Source "ChessBase"]
[SourceDate "2017.10.13"]
[SourceVersion "1"]
[SourceVersionDate "2017.10.13"]
[SourceQuality "1"]

1. Nf3 Nf6 2. d4 d5 3. e3 c5 4. c4 e6 5. Be2 Nc6 6. 0-0 Bd6 7. b3 Qe7 8. Bb2 0-0 9. Bc3 Bd7 10. Ne5 Rac8 11. Nxd7 Nxd7 12. Nd2 Nf6 13. h3 Rfd8 14. Nf3 Ne4 15. Qc2 h6 16. Ne5 Nxc3 17. Qxc3 dxc4 18. Nxc6 Rxc6 19. Bf3 cxd4 20. exd4 Rc7 21. bxc4 b6 22. a4 Rdc8 23. Be2 Qf6 24. Qd3 Rxc4 25. Qe4 Rxd4 26. Qb7 Rc3 27. Rfd1 Qe5 28. g3 Bc5 29. Rxd4 Bxd4 30. Re1 Qxg3+ 31. Qg2 Bxf2+ 32. Kf1 Qxg2+ 33. Kxg2 Bxe1 34. Bb5 Bh4 35. Kh2 Rc2+ 36. Kh1 Kf8 37. Bd3 Rd2 38. Bb5 e5 39. Kg1 f5 40. Kf1 e4 41. Kg1 Ke7 42. Bc4 Kd6 43. Bf7 f4 44. Bg6 f3 45. Bxe4 f2+ 46. Kg2 Rd1 0-1